| 000 | 01136nam a22002535i 4500 | ||
|---|---|---|---|
| 001 | 155251 | ||
| 003 | ES-MaACL | ||
| 005 | 20251005063122.0 | ||
| 008 | 040719s1847 fr af |||| | fre d | ||
| 040 |
_aCAM _bspa _cCAM |
||
| 100 | 1 |
_aHenrion, Mathieu Richard Auguste, _cBaron _9127857 |
|
| 245 | 1 | 0 |
_aHistoire générale des missions catholiques _b: depuis le XIIIe siècle jusqu'a nos jours / _cpar le Baron Henrion. |
| 260 |
_aParis : _bGaume Frères, libraires-éditeurs, _c1847 ( _fImprimerie et fonderie de Rignoux) |
||
| 300 |
_a4 v. : _bil. ; _c27 cm. |
||
| 596 | _aEn cubs. consta : 1846. | ||
| 597 | _aT. I. Première partie (XIV, 344 p.) -- T. I. Seconde partie (345-624 p.) -- T. II. Première partie (328 p.) -- T. II. Seconde partie (329-688 p.) | ||
| 597 | _aEnc. 2 t. en 4 v. | ||
| 597 | _aTexto a dos col. | ||
| 599 | _aLas h. de lám. calc. alegóricas, maps., retratos... | ||
| 599 | _aFronts. calc. en la primera parte del T. I y del T. II. | ||
| 650 | 0 | 4 |
_aMisiones- _vHistoria. _915079 |
| 852 |
_aES-MaACL _jG-11637-40 _z-- Enc. hol., conservando la cub. original |
||
| 999 |
_c155251 _d155251 |
||